All the Geography I know by Letter-I - Statistics

General Stats
  • This quiz has been taken 63 times
  • The average score is 14 of 19
Answer Stats
Hint Answer % Correct
Huge country in Asia by population and size India
100%
Another similarly named country Iraq
98%
Country with the most Muslims in the world Indonesia
96%
Country in the Middle East Iran
96%
Capital of Pakistan Islamabad
96%
The country where Hebrew is an official language Israel
96%
Biggest city in Turkey Istanbul
96%
U.s State Idaho
93%
U.s State Iowa
91%
U.s State Indiana
87%
U.s State Illinois
85%
Capital of the above state Indianapolis
80%
City in South Korea Incheon
62%
City formerly known as Smyrna Izmir
62%
City in Nigeria Ibadan
42%
A city in the first of the 2 countries Isfahan
40%
City in the above Indore
36%
City in California Irvine
27%
City in Peru Iquitos
20%
No matching quizzes found
Score Distribution
Percent of People with Each Score
Percentile by Number Answered
Your Score History
You have not taken this quiz